Preaching and pastoral care

Saved in:
Bibliografiske detaljer
Hovedforfatter: Teikmanis, Arthur L.
Format: Bog
Sprog:engelsk
Udgivet: Philadelphia Fortress Press c1964
Fag:
Tags: Tilføj Tag
Ingen Tags, Vær først til at tagge denne postø!

MARC

LEADER 00000nam a22000005a 4500
003 CL-ChBUA
005 20120815091634.0
008 090812s1964 xxu||||| |||| 000 ||eng
040 |a CL-ChBUA  |c CL-ChBUA 
082 0 0 |a 252 
090 |c 26628  |d 26628 
100 1 |a Teikmanis, Arthur L. 
245 1 0 |a Preaching and pastoral care 
260 |a Philadelphia  |b Fortress Press  |c c1964 
300 |a 144 p.  |c 20 cm. 
504 |a índice 
650 4 |a HOMILETICA 
942 |c LIB 
952 |0 0  |1 0  |4 0  |7 0  |9 62637  |a UNACH  |b UNACH  |c 200  |d 2009-08-12  |i 45.331  |l 1  |o 252 / T 262  |p 63772  |r 2017-05-18 00:00:00  |s 2017-05-16  |u 62637  |w 2012-08-08  |y LIB  |k 252 / T 262 
999 |c 26628  |d 26628